Introductory and intermediate algebra through applications/ (Record no. 2724)

000 -LEADER
fixed length control field 00543nam a2200157 4500
008 - FIXED-LENGTH DATA ELEMENTS--GENERAL INFORMATION
fixed length control field 150729b xxu||||| |||| 00| 0 eng d
020 ## - INTERNATIONAL STANDARD BOOK NUMBER
International Standard Book Number 0321535788
050 ## - LIBRARY OF CONGRESS CALL NUMBER
Classification number QA 152.3 .A474 2008
100 ## - MAIN ENTRY--PERSONAL NAME
Personal name Akst, Geofrey
Dates associated with a name 2008
245 ## - TITLE STATEMENT
Title Introductory and intermediate algebra through applications/
Statement of responsibility, etc. Geofrey Akst [and] Sadie Brag
250 ## - EDITION STATEMENT
Edition statement 2nd ed.
260 ## - PUBLICATION, DISTRIBUTION, ETC. (IMPRINT)
Place of publication, distribution, etc. Boston.
Name of publisher, distributor, etc. Pearson,
Date of publication, distribution, etc. 2008.
300 ## - PHYSICAL DESCRIPTION
Extent xxii, ill.: 1016p.;
Other physical details Includes index
Dimensions 28cm.
650 ## - SUBJECT ADDED ENTRY--TOPICAL TERM
Topical term or geographic name as entry element Mathematics-Textbooks
942 ## - ADDED ENTRY ELEMENTS (KOHA)
Source of classification or shelving scheme
Koha item type Hard Covered Materials
Classification part QA 152.3 .A474 2008
Holdings
Withdrawn status Lost status Source of classification or shelving scheme Damaged status Not for loan Home library Current library Date acquired Source of acquisition Total Checkouts Full call number Barcode Date last seen Price effective from Koha item type Shelving location
          MACHAKOS UNIVERSITY LIBRARY MACHAKOS UNIVERSITY LIBRARY 03/06/2015 BFA   QA 152.3 .A474 2008 6803 29/01/2019 29/07/2015 Hard Covered Materials  
          MACHAKOS UNIVERSITY LIBRARY MACHAKOS UNIVERSITY LIBRARY 05/09/2015 Donation (BFA)   QA 152.3 .A474 2008 9068 14/05/2018 05/09/2015 Hard Covered Materials Open shelf
          MACHAKOS UNIVERSITY LIBRARY MACHAKOS UNIVERSITY LIBRARY 07/09/2015 Donation (B.F.A)   QA 152.3 .A474 2008 8474 07/09/2015 07/09/2015 Hard Covered Materials  
© Machakos University Library, Along The Highway, Machakos Wote Rd, Machakos, Kenya P.O. Box 136 - 90100 Machakos - Kenya

Tel: ( +254 ) 723 805829 OR Fax : 044-20353 OR Email: library@mksu.ac.ke